000 00679cab a2200241 4500
001 ABS55974
008 090401t1996 xxu||||| |||| 00| 0 eng d
035 _a(Sirsi) u20207
041 _aeng
100 _aSmales, J.
245 _aSustainable development
260 _c1996
350 _a0
490 _aUrban Design Quarterly
_v(60) October 1996, 27-29(3)
520 _aExamines why sustainable development is necessary, from population trends to consumer demands.
650 _aPOPULATION TRENDS
650 _aSUSTAINABLE DEVELOPMENT
650 _aURBAN POLICY
690 _aECONOMIC AND SOCIAL
690 _aURBAN RENEWAL
942 _n0
948 _c04/03/1997
999 _c13543
_d13543